000 00260nam a22001217a 4500
008 171215b xxu||||| |||| 00| 0 eng d
041 _aeng
080 _a7
100 _a44
101 _aART
245 _aThe Complete Works of MICHELANGELO
942 _2udc
_cBK
999 _c38997
_d38997